| 000 | 01207cam a22002533a 4500 | ||
|---|---|---|---|
| 001 | 30872 | ||
| 003 | PGUSA | ||
| 005 | 20140828083652.0 | ||
| 008 | 100106s2010||||xxu|||||s|||||000 | eng d | ||
| 040 |
_aPGUSA _beng |
||
| 042 | _adc | ||
| 050 | 4 | _aE201 | |
| 245 | 1 | 2 |
_aA Collection of State-papers, Relative to the First Acknowledgment of the Sovereignty of the United States of America, and the Reception of Their Minister Plenipotentiary, by Their High Mightinesses the States General of the United Netherlands : _bto Which is Prefixed, the Political Character of John Adams, Ambassador Plenipotentiary from the States of North America, to Their High Mightinesses the States General of the United Provinces of the Netherlands ... Likewise, an Essay on Canon and Feudal Law _h[electronic resource] |
| 260 |
_bProject Gutenberg, _c2010 |
||
| 506 | _aPublic domain in the USA. | ||
| 516 | _aElectronic text | ||
| 653 | _aNetherlands -- Foreign relations -- United States | ||
| 653 | _aLaw | ||
| 653 | _aUnited States -- Foreign relations -- Netherlands | ||
| 700 | 1 |
_aAdams, John, _d1735-1826 |
|
| 830 | 0 |
_aProject Gutenberg _v30872 |
|
| 856 | 4 | 0 | _uhttp://www.gutenberg.org/ebooks/30872 |
| 942 | _cEB | ||
| 999 |
_c260127 _d260127 |
||